Class Struggles in Tanzania/ (Record no. 4530)

MARC details
000 -LEADER
fixed length control field 00380nam a22001337a 4500
008 - FIXED-LENGTH DATA ELEMENTS--GENERAL INFORMATION
fixed length control field 161108b xxu||||| |||| 00| 0 eng d
082 ## - DEWEY DECIMAL CLASSIFICATION NUMBER
Classification number 323.32 SHI
100 ## - MAIN ENTRY--PERSONAL NAME
Personal name Shivji, Issa.-
245 ## - TITLE STATEMENT
Title Class Struggles in Tanzania/
Statement of responsibility, etc. Issa G. Shivji.-
Medium English.
260 ## - PUBLICATION, DISTRIBUTION, ETC. (IMPRINT)
Place of publication, distribution, etc. Dar Es Salaam:
Name of publisher, distributor, etc. TPH,
Date of publication, distribution, etc. 1975.
300 ## - PHYSICAL DESCRIPTION
Extent 180p.;
Dimensions 22cm.-
650 ## - SUBJECT ADDED ENTRY--TOPICAL TERM
Source of heading or term Civil & political rights
942 ## - ADDED ENTRY ELEMENTS (KOHA)
Source of classification or shelving scheme Dewey Decimal Classification
Koha item type BOOKS

No items available.

IRDP © 2021 :: Managed by ICT Team